Datum a čas kvízu

20.5 Celkem bodů Celkový počet nahraných bodů na tomto kvízu bez doplňovacích otázek.
7. Pořadí na kvízu Konečné umístění týmu na tomto kvízu.

Zaznamenané odpovědi

# Otázka Odpověď Body Výsledky
1. Linka metra B v úseku Florenc... kotě (kočka) 0
2. Minulý týden jsme se dozvěděli... Stanford (University) 0
3. Slavná americká rocková kapela... Bon Jovi 0
4. Produkty jisté americké společ... Avon 0
5. Minulý týden potvrdila manželk... Milan Baroš 0
6. Může to být alergie, dieta, ne... chia 1
7. Ve zdravých receptech se můžem... zoodles 0
8. Asi nepřekvapí, že ve stavu be... tortilly 0
9. Tento sirup, kterým lze sladit... z čekanky 1
10. Naprostým mistrem v nahrazován... hořčici 1